Odio - J Balvin, Bad Bunny - Estadísticas

Estadísticas generales
  • Esta prueba ha sido intentada 46 veces
  • La puntuación promedio es 360 de 495
Estadísticas de respuestas
Letra % Correcto
a
100%
es
94%
Es
94%
me
94%
odio
94%
Odio
94%
te
94%
Te
94%
Y
94%
y
94%
amor
88%
de
88%
di
88%
No
88%
no
88%
pa
88%
Pa
88%
Pero
88%
pero
88%
qué
88%
que
88%
Que
88%
88%
se
88%
Se
88%
Si
88%
88%
88%
si
88%
yo
88%
Yo
88%
al
81%
Al
81%
con
81%
Dios
81%
ha
81%
lo
81%
Lo
81%
Pasé
81%
Pase
81%
perdone
81%
quieres
81%
quiero
81%
Quiero
81%
saber
81%
será
81%
ti
81%
Ya
81%
ya
81%
advertí
75%
la
75%
La
75%
meto
75%
aquí
69%
Así
69%
contigo
69%
Contigo
69%
en
69%
En
69%
eso
69%
haces
69%
mal
69%
más
69%
mi
69%
na
69%
par
69%
por
69%
sin
69%
tiene
69%
69%
tu
69%
69%
ahí
63%
canciones
63%
El
63%
el
63%
hacer
63%
ilusiones
63%
mami
63%
obvio
63%
realidad
63%
Tengo
63%
tengo
63%
bebé
56%
cojones
56%
esto
56%
Mala
56%
mala
56%
mía
56%
asiento
50%
día
50%
escribo
50%
estoy
50%
haga
50%
hasta
50%
otro
50%
Pal
50%
remordimiento
50%
Rencor
50%
sexuales
50%
suerte
50%
tus
50%
vas
50%
vida
50%
voy
50%
Borré
44%
calle
44%
carajo
44%
Creí
44%
después
44%
Dubai
44%
encojones
44%
entiendas
44%
espacio
44%
fotos
44%
fué
44%
gasté
44%
hay
44%
intencional
44%
jodienda
44%
maldito
44%
mejor
44%
mereces
44%
Miami
44%
mis
44%
muerte
44%
nadie
44%
novio
44%
otra
44%
para
44%
pasado
44%
peor
44%
placer
44%
prendas
44%
San
44%
sorprendas
44%
tienda
44%
tienes
44%
todas
44%
un
44%
Valentín
44%
valía
44%
verte
44%
vídeos
44%
volver
44%
500
38%
agenda
38%
ahora
38%
atiendas
38%
Ayer
38%
busques
38%
caros
38%
comer
38%
creíste
38%
deseo
38%
duro
38%
feliz
38%
fuimos
38%
perderte
38%
quieras
38%
quisiera
38%
Solamente
38%
sufras
38%
tengas
38%
trato
38%
tuyo
38%
viento
38%
Ando
31%
arreglar
31%
comente
31%
confiaste
31%
hoteles
31%
mío
31%
noche
31%
pendejo
31%
perdonarte
31%
raro
31%
sabía
31%
seas
31%
trabajo
31%
Tranquila
31%
vengo
31%
yate
31%
baby
25%
creas
25%
ey
25%
hacerte
25%
hizo
25%
los
25%
Pidiendo
25%
tan
25%
velorio
25%
cuanto
19%
digan
19%
ganabas
19%
No se encontraron pruebas coincidentes
Distribución de puntuación
Porcentaje de gente con cada puntuación
Porcentaje por número respondido
Historial de tus puntuaciones
No has intentado esta prueba.